Statistics for Text - "Som En Gummiboll" - M. A. Numminen

Click here to take the quiz!

General Stats

  • This quiz has been taken 44 times
  • The average score is 141 of 232

Answer Stats

Ord% Correct
en
100%
Som
97%
som
97%
jag
94%
Jag
94%
dig.
91%
kommer
91%
till
91%
gummiboll,
86%
gummiboll
86%
tillbaks
83%
boll
77%
är
54%
du
54%
ha.
51%
ha
51%
med
51%
Men
51%
mig.
51%
mig
51%
min
51%
Och
51%
och
51%
i
46%
40%
bolla
34%
Bolla,
34%
har
34%
när
31%
bollar
29%
det
29%
din
29%
kärlek.
29%
he
26%
Att
23%
tar
20%
borde
17%
förut.
17%
gjort
17%
leker
17%
liten
17%
narrar
17%
nej
17%
slut.
17%
vad
17%
vet
17%
från
14%
leksak
14%
säga
14%
annan
11%
Bomsi)
11%
Bomsi,
11%
(Bomsi,
11%
famn
11%
hand.
11%
ibland.
11%
namn.
11%
raring
11%
viskar
11%
blott
9%
Blott
9%
ber
6%
du vill
6%
en boll
6%
flytt
6%
hey
6%
sedan
6%
väns
6%
Yehe
6%
Ya
3%

Score Distribution

Percentile by Number Answered

Percent of People with Each Score

Your Score History

You have not taken this quiz